| 000 | 00705nam a2200217Ia 4500 | ||
|---|---|---|---|
| 003 | GCL | ||
| 008 | 140319s9999 xx 000 0 ara d | ||
| 040 |
_aGCL / _cGCL |
||
| 082 | 0 | 4 |
_a810.9 _bا ا |
| 100 | 1 | _aاحمد هيكل | |
| 245 | 1 | 0 |
_aالادب القصصى والمسرحى فى مصر: من اعقاب ثورة 1919 الى قيام الحرب الكبرى الثانية / _cاحمد هيكل |
| 260 |
_a[S.N] : _bدار المعارف ، _c1983 |
||
| 300 | _a418 ص | ||
| 490 | _a | ||
| 650 | 0 | 4 | _aالادب العربى |
| 650 | 0 | 4 | _aالقصص العربية |
| 650 | 0 | 4 | _aمصر |
| 650 | 0 | 4 | _aتاريخ ونقد |
| 650 | 0 | 4 | _aالمسرحيات العربية |
| 942 |
_2ddc _cBK |
||
| 999 |
_c56126 _d56126 |
||